| 000 | 04112cam a22004454i 4500 | ||
|---|---|---|---|
| 003 | PE-LiUPU | ||
| 005 | 20250731165416.0 | ||
| 008 | 151203s2008 pe grm 000 0 spa d | ||
| 035 | _a(Sirsi) a155403 | ||
| 040 |
_aPE-LiUPU _bspa _cPE-LiUPU _erda |
||
| 099 |
_aSP 3 _bS68 2008 |
||
| 100 | 1 |
_aSoria Marín, Marisol Carmen _eautor |
|
| 245 | 1 |
_aImpacto del programa de capacitación para la adquisición de competencias en el manejo adecuado de la lactancia materna en los estudiantes del primer año de Nutrición Humana de la Universidad Peruana Unión, 2006 / _csMarisol Carmen Soria Marín. |
|
| 264 | 0 | _c2008. | |
| 300 |
_a137 hojas _c30 cm |
||
| 336 |
_atext _2rdacontent |
||
| 337 |
_aunmediated _2rdamedia |
||
| 338 |
_avolume _2rdacarrier |
||
| 502 |
_aTesis _b(Mg.) -- _cUniversidad Peruana Unión, _d2008. |
||
| 504 | _aIncluye referencias | ||
| 520 | 3 | _aSegún la Organización Mundial de la Salud (OMS) las prácticas de alimentación adecuada son fundamentales para la supervivencia, el crecimiento, el desarrollo, la salud y la nutrición de los lactantes y niños en cualquier lugar del mundo. Partiendo de este principio, la duración óptima de la lactancia materna exclusiva es uno de los aspectos cruciales de salud pública que la OMS estudia continuamente. Desde hace ya tiempo, existe consenso sobre la necesidad de la lactancia materna exclusiva; no obstante, se ha debatido extensamente acerca de su duración óptima. Según la Encuesta Demográfica y de Salud Familiar (ENDES IV) Continua 2004-2005. La lactancia exclusiva en niños menores de 6 meses en el 2000 era de 67% y del 2004-2005 fue de 63% lo que evidencia una disminución significativa en las prácticas de exclusividad de la lactancia. Se puede afirmar que la promoción de la lactancia materna exclusiva durante los primeros seis meses de vida, es la medida sanitaria de mayor impacto para bajar la mortalidad infantil. Siendo la consejería la principal actividad para emitir los mensajes de lactancia materna. Las alumnas de Nutrición Humana de la Universidad Peruana Unión adquirirán competencias en el manejo adecuado de la lactancia materna. Se realizó un curso teórico práctico de 20 horas de capacitación en el manejo adecuado de la lactancia materna a las alumnas del primer año de Nutrición, con 18 horas teóricas y 2 horas de aplicación clínica en el Centro de Salud Materno Infantil Miguel Grau. Se aplicó un Pre test y Postest para evaluar los conocimientos y una "Guía de Cotejo para evaluar las competencias de las alumnas en el manejo de la Lactancia Materna con supervisión dirigida. Las alumnas de Nutrición Humana adquirieron conocimientos en lactancia materna en un 100%, el promedio de los resultados del pre test es 8.87 y el pos test 18.8 de 20 puntos. En adquisición de competencia. El 100% de las alumnas obtuvo entre 15.3 a 19.5 de 20 puntos. La "Guía de Cotejo de Competencias en el manejo adecuado de la lactancia materna" se aplicó a las alumnas que recibieron la capacitación, ya que evalúa en qué medida adquirieron competencias en el manejo de la lactancia; evidenciándose los siguientes resultados: El 91% de las alumnas capacitadas demuestran habilidades y destrezas en técnicas de extracción manual y conservación de leche materna. El 94% de las alumnas capacitadas tienen habilidades y destrezas en reconocer y sugerir las posibles soluciones a los problemas relacionadas a la lactancia materna. El 89% de las alumnas tiene buenas prácticas de consejería en la lactancia materna. | |
| 526 | _aSEG44 | ||
| 526 | _aSEG26 | ||
| 526 | _aP151 | ||
| 526 | _aP150 | ||
| 526 | _aP149 | ||
| 526 | _aP146 | ||
| 526 | _aP145 | ||
| 526 | _aP126 | ||
| 526 | _aP125 | ||
| 526 | _aP92 | ||
| 526 | _aP75 | ||
| 526 | _aP74 | ||
| 526 | _aP27 | ||
| 526 | _aP15 | ||
| 650 | 0 | 4 |
_aLactancia _xPlanes y programas _xUniversidad Peruana Unión. |
| 596 | _a1 | ||
| 942 |
_2ddc _cTESIS |
||
| 999 |
_aSP 3 S68 2008 _wALPHANUM _c8085 _iT01206 _lCCODEBUL3 _mBUL _r1 _sY _tTESIS _u2015-12-3 _xPOSGRADO _PP82 _o.STAFF. Tesis _d8085 |
||
| 980 |
_81 _gALBERTO SANCHEZ Responsable de Automatización |
||